000 00302nam a22001337a 4500
008 181009b xxu||||| |||| 00| 0 eng d
020 _a9780631175490
041 _aeng
080 _a201
100 _a24
101 _aTEO
245 _aLuther's Theology of the Cross
_cMcGrath, A.E
942 _2udc
_cBK
999 _c49132
_d49132